| 000 | 00839nam a22002537a 4500 | ||
|---|---|---|---|
| 005 | 20161010103713.0 | ||
| 010 | _a1516EN07 B-599429-448 ENG-116165 | ||
| 020 |
_a9788126547128 _c599.00 |
||
| 035 | _aB-599429-448 | ||
| 035 | _aEN-99697 | ||
| 037 |
_bAsian Book Centre/Ven _adpl |
||
| 037 | _bDBAD/PUB | ||
| 082 | _a004.6 | ||
| 100 | _aLowe, Doug | ||
| 245 |
_aNetworking: all-in-one for dummies a wiley brand/ _cby Doug Lowe |
||
| 250 | _a5th edn | ||
| 260 |
_aNew Delhi _b Wiley _c2014 |
||
| 270 |
_a4435-36/7, Ansari Road, Daryaganj, _bNew Delhi _e110002 |
||
| 300 |
_a876p.: _c23cm(pbk) _bill. |
||
| 700 | _aResnick,Robert | ||
| 700 | _aKrane,Kenneth S. | ||
| 942 |
_2ddc _cEN _h004.6 _mLOW |
||
| 999 |
_c96340 _d96340 |
||